| 000 | 01132nam a2200241 i 4500 | ||
|---|---|---|---|
| 001 | 186489 | ||
| 003 | SpMaBN | ||
| 005 | 20230906222659.0 | ||
| 008 | 161117s2010 sp aco c |||| |dspa d | ||
| 020 | _a978-84-7506-970-8 | ||
| 080 | _a003.332.5.077(060.64) | ||
| 245 | 0 | 0 |
_aLibertad e innovación _b: caligrafía árabe contemporánea : [exposición] / _cNja Mahdaoui, Jalid Al-Saai, Rima Farah, Hassan Massoudy, Munir Al-Shaarani ; editado por José Miguel Puerta Vílchez ; [traducciones, Luis Miguel Pérez Cañada, Sami Bagdadi, José Miguel Puerta Vílchez]. |
| 260 |
_a[Madrid] : _bCasa Árabe : _bTurner, _c[2010] |
||
| 300 |
_a139, [56] p. : _bil. col., retr. ; _c30 cm. |
||
| 546 | _aCub. y port. adicionales, con texto también en árabe. | ||
| 650 | 7 |
_aCaligrafía árabe- _vExposiciones. _9161288 |
|
| 655 | 7 |
_2tgfbne _9193628 _aCatálogos de exposiciones |
|
| 700 | 1 |
_aPuerta Vílchez, José Miguel ( _d1959-) _9161289 |
|
| 710 | 2 |
_aCasa Árabe e Instituto Internacional de Estudios Árabes y del Mundo Musulmán. _9148163 |
|
| 852 |
_aES-MaACL _jL-30834 |
||
| 942 | _2udc | ||
| 999 |
_c186489 _d186489 |
||